书目信息 |
| 题名: |
大学英语四级考试最新词汇点击4200
|
|
| 作者: | 濮宏魁 , 方伟琴 , 高忠信 主编 | |
| 分册: | ||
| 出版信息: | 苏州 苏州大学出版社 2001.12 |
|
| 页数: | 366页 | |
| 开本: | 21cm | |
| 丛书名: | 新世纪CET-4新版强化训练丛书 | |
| 单 册: | ||
| 中图分类: | H313 | |
| 科图分类: | ||
| 主题词: | 英语--ying yu--词汇--高等学校--水平考试--自学参考资料 , 英语--ying yu , 词汇--ci hui | |
| 电子资源: | ||
| ISBN: | 7-81037-898-8 | |
| 000 | 01486nam0 2200361 450 | |
| 000 | 01515nam0 2200361 450 | |
| 000 | 01478nam0 2200349 450 | |
| 000 | 01461nam0 2200349 450 | |
| 000 | 01424nam 2200337 450 | |
| 001 | CAL 012006040438 | |
| 005 | 20061030160639.23 | |
| 010 | @a7-81037-898-8@dCNY15.50 | |
| 099 | @aCAL 012006040438 | |
| 100 | @a20060830d2001 em y0chiy0120 ea | |
| 101 | 0 | @achi@aeng |
| 102 | @aCN@b320000 | |
| 105 | @ay z 000yy | |
| 200 | 1 | @a大学英语四级考试最新词汇点击4200@Ada xue ying yu si ji kao shi zui xin ci hui dian ji 4200@f濮宏魁, 方伟琴, 高忠信主编 |
| 210 | @a苏州@c苏州大学出版社@d2001.12 | |
| 215 | @a366页@d21cm | |
| 225 | 2 | @a新世纪CET-4新版强化训练丛书@Axin shi ji CET-4 xin ban qiang hua xun lian cong shu |
| 330 | @a本书将大学英语四级词汇分别置放在注释、例句、常用词组和近义、近形词辨析中, 从不同的角度和不同的侧面加强对每个词汇的记忆和理解, 词的释义全面、详实, 而且基本做到一义一例, 例句均引自英美著名出版社出版的权威辞书。 | |
| 410 | 0 | @12001 @a新世纪CET-4新版强化训练丛书 |
| 532 | 11 | @a大学英语四级考试最新词汇点击四千二百@Ada xue ying yu si ji kao shi zui xin ci hui dian ji si qian er bai |
| 606 | 0 | @a英语@Aying yu@x词汇@x高等学校@x水平考试@j自学参考资料 |
| 606 | 0 | @a英语@Aying yu |
| 606 | 0 | @a词汇@Aci hui |
| 690 | @aH313@v4 | |
| 701 | 0 | @a濮宏魁@Apu hong kui@4主编 |
| 701 | 0 | @a方伟琴@Afang wei qin@4主编 |
| 701 | 0 | @a高忠信@Agao zhong xin@4主编 |
| 801 | 0 | @aCN@c20061030 |
| 905 | @a10447@dH313@eP817 | |
| 大学英语四级考试最新词汇点击4200/濮宏魁, 方伟琴, 高忠信主编.-苏州:苏州大学出版社,2001.12 |
| 366页;21cm.-(新世纪CET-4新版强化训练丛书) |
| ISBN 7-81037-898-8:CNY15.50 |
| 本书将大学英语四级词汇分别置放在注释、例句、常用词组和近义、近形词辨析中, 从不同的角度和不同的侧面加强对每个词汇的记忆和理解, 词的释义全面、详实, 而且基本做到一义一例, 例句均引自英美著名出版社出版的权威辞书。 |
| ● |
| 相关链接 |
|
|
|
正题名:大学英语四级考试最新词汇点击4200
索取号:H313/P817
 
预约/预借
| 序号 | 登录号 | 条形码 | 馆藏地/架位号 | 状态 | 备注 |
| 1 | 633398 | 206333984 | 语言库209/209语言库 103排5列4层/ [索取号:H313/P817] | 在馆 | |
| 2 | 633399 | 206333993 | 语言库209/209语言库 103排5列4层/ [索取号:H313/P817] | 在馆 | |
| 3 | 633400 | 206334000 | 语言库209/209语言库 103排5列4层/ [索取号:H313/P817] | 在馆 |